|
|
|
|
| LEADER |
00000cam a2200000 a 4500 |
| 001 |
vtls001122972 |
| 003 |
SK-MaSNL |
| 005 |
20260301111615.0 |
| 008 |
180815s1988 xo oal frn 00100 slo |
| 015 |
|
|
|a SNBA1988/12
|
| 020 |
|
|
|q (viazané)
|
| 035 |
|
|
|a SNK000065815
|
| 040 |
|
|
|a SNK
|b slo
|c SNK
|e AACR2
|
| 041 |
0 |
|
|a slo
|b eng
|b ger
|b rus
|
| 044 |
|
|
|a xo
|c SK
|
| 072 |
|
7 |
|a 617
|x Ortopédia. Chirurgia. Oftalmológia
|2 konspekt
|
| 080 |
|
|
|a 616.3-089(075.9)
|2 1981
|
| 080 |
|
|
|a 617-089
|2 2011
|
| 080 |
|
|
|a 611.3
|2 2011
|
| 080 |
|
|
|a 616.32/.37
|2 2011
|
| 080 |
|
|
|a (048.8)
|2 2011
|
| 100 |
1 |
|
|a Černý, Ján,
|d 1925-2000
|4 aut
|9 56492
|
| 245 |
1 |
0 |
|a Chirurgia tráviacej rúry
|c Ján Černý
|
| 250 |
|
|
|a 1. vyd.
|
| 260 |
|
|
|a Martin
|b Osveta
|c 1988
|e Martin
|f Tlačiarne SNP
|
| 300 |
|
|
|a 497 strán
|b fotografie, ilustrácie, tabuľky
|c 25 cm
|
| 366 |
|
|
|e 1800 výtl.
|
| 490 |
1 |
|
|a Edícia pre postgraduálne štúdium lekárov a farmaceutov
|
| 490 |
1 |
|
|a Dérerova zbierka
|v zv. 97
|
| 500 |
|
|
|a Obsahuje zoznam obrázkov a zoznam tabuliek
|
| 504 |
|
|
|a Bibliografia na konci kapitol. Register
|
| 546 |
|
|
|a Anglické, nemecké a ruské resumé
|
| 650 |
0 |
7 |
|a chirurgia
|2 SNKPH
|9 2178
|
| 650 |
0 |
7 |
|a tráviace ústrojenstvo
|2 SNKPH
|9 68000
|
| 650 |
0 |
7 |
|a gastroenterológia
|2 SNKPH
|9 1164
|
| 655 |
|
7 |
|a monografie
|2 SNKPH
|9 70139
|
| 830 |
|
0 |
|a Edícia pre postgraduálne štúdium lekárov a farmaceutov
|9 277491
|
| 830 |
|
0 |
|a Dérerova zbierka
|9 278328
|
| 954 |
|
|
|a odborná, vedecká literatúra pôvodná (slovenská)
|2 lita
|
| 958 |
|
|
|a OND
|
| 958 |
|
|
|a NB
|
| 958 |
|
|
|a TL
|
| 958 |
|
|
|a MI
|
| 999 |
|
|
|c 707643
|d 709573
|
| 952 |
|
|
|a SNK
|b SNK
|y PREZ
|7 0
|p 17A0975760
|o snkSC 73159
|i snkKSP 10626/88
|0 0
|1 0
|4 0
|d 2012-09-23
|f 1
|l 0
|r 2025-07-29 00:00:00
|w 2026-02-23
|
| 952 |
|
|
|t P60, <04>, [BOOK], {604}
|a SNK
|b SNK
|y VYP
|7 0
|p 17A0315847
|o snkSC 73159 D1
|0 0
|1 0
|4 0
|d 2001-09-12
|l 0
|r 2004-12-31 00:00:00
|w 2026-02-23
|